Kirjaimella T alkavia kaupunkeja kartalla - Statistics

Yleistilastot
  • Tätä visaa on pelattu 1 358 kertaa
  • Keskiarvotulos 14 / 23
Vastaukset kartalla
Vastauksille on annettu kartalla punavihreä väri sen mukaan, kuinka moni on saanut sen oikein.
 
Vastaustilastot
Kaupunki % Oikein
Tallinna
97%
Tukholma
96%
Tokio
93%
Toronto
83%
Taipei
81%
Torino
81%
Tunis
80%
Teheran
77%
Tirana
75%
Tampa
68%
Tbilisi
66%
Tripoli
60%
Tel Aviv
58%
Thessaloniki
54%
Taškent
52%
Tanger
50%
Thimphu
47%
Tijuana
47%
Timbuktu
44%
Tegucigalpa
42%
Tucson
33%
Tianjin
30%
Taiyuan
17%
Ehtoja vastaavia visoja ei löytynyt
Tulosjakauma
Jokaisen tuloksen saaneiden osuus
Persentiili vastausten määrän mukaan
Tuloshistoriasi
Et ole pelannut tätä visaa